书目信息 |
| 题名: |
忆南征
|
|
| 作者: | 王首道 著 | |
| 分册: | ||
| 出版信息: | 北京 人民出版社 1983 |
|
| 页数: | 229页 | |
| 开本: | 21cm | |
| 丛书名: | ||
| 单 册: | ||
| 中图分类: | I251 , K265.1 | |
| 科图分类: | ||
| 主题词: | 革命回忆录--中国 , 中国--历史 | |
| 电子资源: | ||
| ISBN: | ||
| 000 | 00684nam0 2200277 45 | |
| 001 | 0183002097 | |
| 005 | 20061116161021.79 | |
| 010 | @dCNY0.72 | |
| 091 | @a11001.435 | |
| 100 | @a19950706d1983 em y0chiy0121 ea | |
| 101 | 0 | @achi |
| 102 | @aCN@b110000 | |
| 105 | @ac z 000za | |
| 106 | @ar | |
| 200 | 10 | @a忆南征@Ayi nan zheng@f王首道著 |
| 205 | @a2版 | |
| 210 | @a北京@c人民出版社@d1983 | |
| 215 | @a229页@c照片@d21cm | |
| 606 | @a革命回忆录@y中国 | |
| 606 | 0 | @a中国@x历史 |
| 690 | @aI251@v3 | |
| 690 | @aK265.1@v3 | |
| 701 | 0 | @a王首道@Awang shou dao@4著 |
| 801 | 0 | @aCN@b上海图书馆@c20061116 |
| 801 | 2 | @aCN@bNLC@c20040519 |
| 905 | @f1@b105815@dK265.1@e12=2 | |
| 忆南征/王首道著.-2版.-北京:人民出版社,1983 |
| 229页:照片;21cm |
| ISBN :CNY0.72 |
| ● |
| 相关链接 |
|
|
|
|
正题名:忆南征
索取号:K265.1/12=2
 
预约/预借
| 序号 | 登录号 | 条形码 | 馆藏地/架位号 | 状态 | 备注 |
| 1 | 0105815 | 000355635 | 第二借阅区/ [索取号:K265.1/12=2] | 在馆 | |
| 2 | 0105816 | 000355626 | 第二样本阅览室/ [索取号:K265.1/12=2] | 在馆 |